Пеностеклокристаллические материалы на основе природного кремнезёмсодержащего сырья; Проблемы геологии и освоения недр

מידע ביבליוגרפי
Parent link:Проблемы геологии и освоения недр.— 2007.— С. 699-700
מחבר ראשי: Мухортова А. В.
מחברים אחרים: Барсагаева Н. Б. (научный руководитель), Казьмина О. В.
שפה:רוסית
יצא לאור: 2007
נושאים:
פורמט: Book Chapter
KOHA link:https://koha.lib.tpu.ru/cgi-bin/koha/opac-detail.pl?biblionumber=180591

MARC

LEADER 00000naa2a2200000 4500
001 180591
005 20231031170828.0
035 |a (RuTPU)RU\TPU\book\195768 
090 |a 180591 
100 |a 20100520d2007 k y0rusy50 ca 
101 0 |a rus 
102 |a RU 
200 1 |a Пеностеклокристаллические материалы на основе природного кремнезёмсодержащего сырья  |f А. В. Мухортова, Н. Б. Барсагаева  |g науч. рук. О. В. Казьмина 
320 |a Библиогр.: 2 назв. 
463 0 |0 (RuTPU)RU\TPU\book\140171  |y 5-89503-079-3  |t Проблемы геологии и освоения недр  |o [сборник]  |o труды XI международного симпозиума имени академика М. А. Усова студентов и молодых учёных, посвященного 80-летию академика, Президента международного горного конгресса, Лауреата государственной премии СССР М. И. Щадову  |f Томский политехнический университет (ТПУ), Институт геологии и нефтегазового дела  |v С. 699-700  |d 2007  |p 764 с. 
610 1 |a кремнезём 
610 1 |a пеностеклокристаллические материалы 
610 1 |a теплоизоляционные материалы 
610 1 |a теплоизоляция 
610 1 |a пеностекло 
610 1 |a труды учёных ТПУ 
700 1 |a Мухортова  |b А. В. 
701 1 |a Барсагаева  |b Н. Б. 
702 1 |a Казьмина  |b О. В.  |4 727 
801 1 |a RU  |b 63413507  |c 20100520 
942 |c BK